Normal view
MARC view
- Mark E. Long
Entry Personal Name
001 - CONTROL NUMBER
- control field: 127417
003 - CONTROL NUMBER IDENTIFIER
- control field: NUST
005 - DATE AND TIME OF LATEST TRANSACTION
- control field: 20250109092401.0
008 - FIXED-LENGTH DATA ELEMENTS
- fixed length control field: 250109|| aca||aabn | a|a d
040 ## - CATALOGING SOURCE
- Original cataloging agency: NUST
- Transcribing agency: NUST
100 ## - HEADING--PERSONAL NAME
- Personal name: Mark E. Long
670 ## - SOURCE DATA FOUND
- Source citation: Work cat.: (NUST): Mark E. Long, The digital satellite TV Handbook , 1999.
